| 000 | 00652nam a2200181 a 4500 | ||
|---|---|---|---|
| 008 | 081201s2001 ||||||||||||||||| || u | ||
| 020 | _a0333921240 | ||
| 050 | _aLB 1049 Cot | ||
| 100 | _aCottrell, Stella | ||
| 245 | 1 | 0 |
_aTeaching study skills and supporting learning _cStella Cottrell |
| 260 |
_aNew York: _bPalgrave Macmillan _c2001 |
||
| 300 | _axvi, 356p.: ill. | ||
| 350 | _a0.00 | ||
| 490 | _aPalgrave study guides | ||
| 650 | 0 | _aLEARNING | |
| 650 | _aSTUDY, METHOD OF | ||
| 995 |
_D0.00 _FCBU-MAIN LIBRARY (Kitwe) _H1 _I0.00 _M1 _UAVAILABLE _WFeb 9, 2009 _ZMain Library Open Access Collection |
||
| 999 |
_c59495 _d59495 |
||